000 00905nam a2200289 i 4500
001 bg
100 1 _aLEJMAN, Jacek
245 1 0 _aZwierzęcy prześwit cywilizacji :
_bDesmond Morris i etologia współczesna /
_cJacek Lejman.
260 _aLublin :
_bWydaw. Uniwersytetu Marii Curie-Skłodowskiej,
_c1999.
300 _a270 s. ;
_c24 cm.
504 _aBibliogr.
600 1 9 _aMorris, Desmond (1928- )
_xbiografia
650 9 _aAntropologia
_xzagadnienia
650 9 _aEtologia
_xhistoria
_zWielka Brytania
_y20 w.
650 9 _aEtologia
650 9 _aEwolucjonizm kulturowy
650 9 _aPochodzenie człowieka
650 9 _aSocjobiologia
655 _aWydawnictwa popularne
020 _a8322714645
040 _cBPK
041 0 _apl
080 _a591.5:572.1/.4:599.89:316.24:929-52A/Z](410)"19"
920 _a83-227-1464-5
942 _cKS
008 s pl f |000 0 pol
999 _c38576
_d38576
856 _uhttp://koha.tu.koszalin.pl/cgi-bin/koha/opac-detail.pl?biblionumber=38576
_yKatalog online BPK